| 000 | 00724cab a22001935a 4500 | ||
|---|---|---|---|
| 001 | L151014 | ||
| 008 | 100923e2010 xxk 000 0 eng d | ||
| 035 | _a(Sirsi) u151014 | ||
| 041 | 0 | _aeng | |
| 100 | 1 | _aDoig, Dominic | |
| 245 | 0 | 0 |
_aExtensions of time _bwho owns the float and what happens in cases of concurrent delay? |
| 260 | _c2010 | ||
| 490 |
_aProject Control Professional _v48(5) September 2010, 5-6(2) |
||
| 520 | _aExplanation of this regular contractor's query using examples of float, concurrent delay and legal cases; extra time; liquidated damages. | ||
| 590 | _aKA | ||
| 651 | 4 |
_aUnited Kingdom _y |
|
| 690 | _aBUILT ENVIRONMENT-CONSTRUCTION MANAGEMENT-BUILDING CONTRACT ADMINISTRATION | ||
| 942 | _n0 | ||
| 999 |
_c82687 _d82687 |
||